Colombia avanza tierra (Registro nro. 16654)

Detalles MARC
000 -CABECERA
Campo de control 00399aga a2200145 4500
005 - FECHA Y HORA DE LA ULTIMA TRANSACCION
Campo de control 20170214165703.0
008 - ELEMENTOS DE LONGITUD FIJA—INFORMACION GENERAL
Campo de control 170214b xxu||||| |||| 00| 0 spa d
040 ## - FUENTE DE CATALOGACIÓN
Agencia catalogadora original CO-BoIAVH
Agencia transcriptora CO-BoIAVH
041 ## - IDIOMA
Código de idioma para texto/pista de sonido o título separado Español
090 ## - CLASIFICACIÓN LOCAL
Colección AV
Consecutivo 00268
245 10 - MENCION DE TITULO
Título Colombia avanza tierra
Version vinos, jardín botánico, orquídeas, panelas
260 ## - PUBLICACION, DISTRIBUCION, ETC. (PIE DE IMPRENTA)
Lugar de publicación, distribución, etc. Bogotá
Nombre del editor, distribuidor, etc. Grupo Planeta
Fecha de publicación, distribución, etc. .
300 ## - DESCRIPCION FISICA
Extensión 45 min
Otros detalles físicos VHS
942 ## - ELEMENTOS ADICIONALES (KOHA)
Tipo de ítem VHS
Sistema de clasificación Local
Existencias
Withdrawn status Lost status Sistema de Clasificación Damaged status No para préstamo Colección Ubicación Permanente Ubicación actual Fecha de adquisición Total Checkouts Número topográfico Inventario / Código de Barras Date last seen Ejemplar Price effective from Tipo de material
    Local     Audiovisual Bogotá Bogotá 09/11/2009   AV-00268 027754 25/03/2015 Ej. 1 25/03/2015 VHS